000 00680cam a2200217 4500
001 ABS62023
008 000000n2000 000 0 eng u
035 _a(Sirsi) u105152
100 _aBeames, S.
245 _aOff the shelf
260 _c2000
490 _aRIBA Journal
_v107(4) April 2000, 68-71(2)
520 _aDescribes recent innovations in modular design which could increase its popularity in the current climate of awkward urban sites and tight budgets.
590 _aABS
650 _aPREFABRICATION
650 _aMODULAR CONSTRUCTION
650 _aBROWNFIELD SITES
690 _aBUILT ENVIRONMENT-CONSTRUCTION DESIGN
700 _aCadji, M.
942 _n0
999 _c63052
_d63052